000
00205 a2200097 4500
001
29792
100
_a
AMC
245
_a
Engg design H B Explosive in air P+I
260
_a
_b
AMC
_c
090
_c
19809
_d
19809
942
_a
NUST-CAE
_c
M
_c
10901
999
_c
264865
_d
264865